000 00911nam a22002655i 4500
001 175204
003 ES-MaACL
005 20250822040309.0
008 101014s1973 sp a |||| | spa d
020 _a84-249-2440-1
080 _a616.89
080 _a165.62
100 1 _aBinswanger, Ludwig.
_9143599
245 1 0 _aArtículos y conferencias escogidas /
_cLudwig Binswanger ; versión española de Mariano Marín Casero.
260 _aMadrid :
_bGredos,
_c[1973]
300 _a527 p. ;
_c25 cm.
490 1 _aBiblioteca de psicología y psicoterapia ;
_v18
597 _aP. en blanco: 18-19, 22-23, 26-27, 30-31.
650 0 7 _aPsiquiatría
_2embne
_916586
650 0 4 _aFenomenología.
_912756
700 1 _aMarín Casero, Mariano.
_976778
830 1 0 _aBiblioteca de psicología y psicoterapia
_v18
_9189553
852 _aES-MaACL
_jE-13373
_xOlim P-527-Ter
999 _c175204
_d175204